Mengenali tokoh kita : semalam hari ini dan esok

Bibliographic Details
Main Author: Mohd. Bakri b Jaafar (Author)
Format: Book
Language:Malay
Published: Shah Alam : [s.n.] 1991
Subjects:

MARC

LEADER 00000cam a2200000 7i4500
001 0000007662
005 20241004.0
008 240530 my a may
040 |a INS   |b eng   |e rda 
090 0 0 |a DS597.214   |b .M64 1991 
100 0 |a Mohd. Bakri b Jaafar ,   |e author 
245 1 0 |a Mengenali tokoh kita :   |b semalam hari ini dan esok   |c di susun dan diterbitkan oleh Mohd. Bakri Bin Jaafar 
264 1 |a Shah Alam :   |b [s.n.]   |c 1991 
300 |a xvii, 237 pages :   |b illustrations ;   |c 23 cm. 
336 |a text  |2 rdacontent 
337 |a unmediated  |2 rdamedia 
338 |a volume  |2 rdacarrier 
650 0 |a Heads of state   |z Malaysia   |v Biography 
651 0 |a Malaya   |x History 
651 0 |a Malaysia   |x Kings and rulers 
651 0 |a Malaysia   |x Politics and government 
999 |a 0000022970   |b BOOK   |c Open Shelf   |e Default branch